| 000 | 00431nam a2200157 a 4500 | ||
|---|---|---|---|
| 001 | 2432 | ||
| 003 | CDMR | ||
| 005 | 20151026104202.0 | ||
| 008 | 130130s1972||||||||||||||||||||||||||||d | ||
| 040 |
_aCDMR _bcat _cCDMR |
||
| 100 | 1 |
_aPastor Blazquez, María Nuría _91821 |
|
| 245 | 1 | 4 |
_aLas agencias de información _cMaría Nuria Pastor Blazquez |
| 260 |
_aBarcelona _c1972 |
||
| 650 | 0 | 5 |
_91890 _aAgències de notícies |
| 942 |
_cTSN _2udc |
||
| 999 |
_c2432 _d2432 |
||